Представление документа в формате MARC21

Поле Инд. ПП Название Значение
Тип записи a
Библиографический уровень b
001 Контрольный номер RU/IS/BASE/385829406
005 Дата корректировки 20200522191518.3
008 Кодируемые данные 20120323
084 a Индекс другой классификации/Индекс ББК 65.050
100 1_ a Автор Свириденко Д.
245 a Заглавие Развитие национальной инновационной системы в условиях экономики, основанной на знаниях
504 a Библиография Библиогр.
520 a Аннотация На основе выделения специфических характеристик инновационной экономики и систематизации моделей инновационного процесса представлены особенности стратегий инновационного развития государства, принципы и механизмы формирования национальной инновационной системы и основные индикаторы эффективности ее функционирования.
650 a Основная рубрика управление экономикой
a Основная рубрика экономика
653 a Ключевые слова инновационная политика
a Ключевые слова инновационная экономика
a Ключевые слова инновационное развитие
a Ключевые слова конкурентоспособность экономики
a Ключевые слова национальная инновационная система
a Ключевые слова социально-экономическая политика
a Ключевые слова управление знаниями (менеджмент знаний)
a Ключевые слова человеческий капитал
a Ключевые слова экономика знаний
a Ключевые слова экономический рост
773 t Заглавие источника РИСК: ресурсы, информация, снабжение, конкуренция
d Дата издания источника 2011
g Прочая информация № 4. - С. 163 - 168 : табл.
w Контрольный № источника RU/IS/BASE/384345860
901 t Тип документа b